000
00300nam a2200109 a 4500
005
20140412111405.0
008
060616s19uu xx 00 eng d
050
_a
TR(GS 372.4
_b
B35 L.2Unit3
245
_a
SRA Open Court Reading :
_b
Unit 3 Assessment.
260
_b
Mcgrawhill,
_c
2005.
999
_c
105541
_d
105541